[Event "Reggio Emilia 7374 16th"]
[Site "Reggio Emilia ITA"]
[Date "1974.01.03"]
[Round "8"]
[White "Dueball, Juergen"]
[Black "Mednis, Edmar J"]
[Result "1/2-1/2"]
[WhiteElo "2460"]
[BlackElo "2430"]
[PlyCount "22"]
[EventDate "1973.12.27"]
[Source "www.chesslib.no"]
[SourceDate "2004.05.04"]

1. e4 c5 2. Nf3 d6 3. d4 cxd4 4. Nxd4 Nf6 5. Nc3 Nc6 6. f4 g6 7. Nxc6 bxc6 8. e5 Nd7 9. exd6 exd6 10. Be3 Be7 11. Be2 Nf6 1/2-1/2

[Event "Summer op"]
[Site "?"]
[Date "1993.??.??"]
[Round "?"]
[White "Gurevich, Vladimir"]
[Black "Rogozenko, Dorin"]
[Result "0-1"]
[WhiteElo "2480"]
[BlackElo "2405"]
[PlyCount "24"]
[EventDate "1993.??.??"]
[Source "www.chesslib.no"]
[SourceDate "2004.05.04"]

1. e4 c5 2. Nc3 Nc6 3. f4 d6 4. Nf3 g6 5. d4 cxd4 6. Nxd4 Bg7 7. Nb3 Nf6 8. Be2 Qb6 9. Bf3 O-O 10. Qe2 Be6 11. Be3 Bc4 12. Bxb6 Bxe2 0-1

[Event "Beersheba"]
[Site "Beersheba"]
[Date "1988.??.??"]
[Round "?"]
[White "Lederman, Leon"]
[Black "Mestel, A Jonathan"]
[Result "0-1"]
[WhiteElo "2375"]
[BlackElo "2510"]
[PlyCount "52"]
[EventDate "1988.02.??"]
[Source "ChessBase"]

1. e4 c5 2. Nf3 d6 3. d4 cxd4 4. Nxd4 Nf6 5. Nc3 g6 6. f4 Bg7 7. e5 Nh5 8. Bb5+ Bd7 9. Qe2 Bxb5 10. Qxb5+ Qd7 11. Nf3 Nc6 12. O-O a6 13. Qe2 dxe5 14. fxe5 Nxe5 15. Nxe5 Qd4+ 16. Kh1 Qxe5 17. Qf3 O-O 18. Qxb7 Rab8 19. Qf3 f5 20. Nd5 Nf6 21. Nxf6+ Qxf6 22. c3 e5 23. Rb1 Qe6 24. b3 e4 25. Qe3 f4 26. Rxf4 Rxf4 0-1

[Event "Komercni Banka op"]
[Site "Pardubice"]
[Date "1997.07.20"]
[Round "4"]
[White "Mrva, Martin"]
[Black "Rogozenko, Dorian"]
[Result "0-1"]
[WhiteElo "2395"]
[BlackElo "2490"]
[PlyCount "84"]
[EventDate "1997.07.17"]
[Source "www.chesslib.no"]
[SourceDate "2004.05.04"]

1. e4 c5 2. Nf3 d6 3. d4 cxd4 4. Nxd4 Nf6 5. Nc3 g6 6. f4 Nc6 7. Nf3 Bg7 8. Bd3 O-O 9. O-O Bg4 10. Qe1 Bxf3 11. Rxf3 e6 12. Kh1 Rc8 13. Be3 a6 14. Rd1 Qe7 15. a3 Rfe8 16. Bf2 Qc7 17. Qg1 Qb8 18. Ne2 Nd7 19. b4 b5 20. c3 d5 21. e5 f6 22. exf6 Nxf6 23. Bb1 e5 24. Bh4 e4 25. Rff1 Ne7 26. Ba2 Red8 27. Ng3 Kh8 28. f5 Qe5 29. fxg6 hxg6 30. Qa7 Rxc3 31. Qxa6 g5 32. Ne2 gxh4 33. Nxc3 Qxc3 34. Qe6 Re8 35. Qf7 Qe5 36. Rxf6 Rf8 37. Qxf8+ Bxf8 38. Rxf8+ Kg7 39. Rdf1 e3 40. Bb1 e2 41. R8f7+ Kh8 42. Rf8+ Ng8 0-1

[Event "Rimavska Sobota"]
[Site "Rimavska Sobota"]
[Date "1990.??.??"]
[Round "2"]
[White "Kupreichik, Viktor D"]
[Black "Chernikov, Oleg L"]
[Result "1/2-1/2"]
[WhiteElo "2490"]
[BlackElo "2395"]
[PlyCount "147"]
[EventDate "1990.06.??"]
[Source "ChessBase"]

1. e4 c5 2. Nf3 Nc6 3. d4 cxd4 4. Nxd4 Nf6 5. Nc3 d6 6. f4 g6 7. Be2 Bg7 8. Nb3 a5 9. a4 Qb6 10. Nd5 Nxd5 11. exd5 Nd4 12. Nxd4 Bxd4 13. Bb5+ Kf8 14. c3 Bf2+ 15. Kf1 Be3 16. Qe2 Bxc1 17. Rxc1 e6 18. Rd1 exd5 19. Rxd5 Be6 20. Rd4 Kg7 21. g4 d5 22. Rg1 f6 23. Rg3 Bf7 24. Re3 Rac8 25. Re7 Rc7 26. Rxd5 Rhc8 27. Rdd7 Rxd7 28. Bxd7 Rf8 29. Be6 Qd6 30. Rxb7 Qxf4+ 31. Kg2 Qxa4 32. Qf3 Qc2+ 33. Kg3 Qd2 34. Bc4 Qd6+ 35. Qf4 Qc5 36. Qe4 Qg1+ 37. Kh3 Qf2 38. b3 Qd2 39. Qf3 Qd6 40. Qe3 Qc6 41. Ra7 Kg8 42. Bxf7+ Rxf7 43. Rxa5 Re7 44. Qd3 Rd7 45. Qe3 Re7 46. Qg3 Qb6 47. Ra8+ Kg7 48. Rb8 Qe3 49. Rd8 Qe2 50. Rd3 Qf1+ 51. Kh4 g5+ 52. Kh5 Qe2 53. h4 Qe4 54. hxg5 Re5 55. Qf3 Rxg5+ 56. Kh4 Qe1+ 57. Kh3 Qe6 58. Re3 Qd7 59. Qe2 Ra5 60. Kg2 Qb7+ 61. Qf3 Qxf3+ 62. Kxf3 Ra2 63. c4 Kg6 64. b4 f5 65. b5 Rc2 66. Re6+ Kg5 67. Re5 Rc3+ 68. Ke2 Rxc4 69. gxf5 h5 70. Kd3 Rc1 71. Ke4 Rb1 72. f6+ Kxf6 73. Rxh5 Ke6 74. Rc5 1/2-1/2

[Event "Oberwart op"]
[Site "Oberwart"]
[Date "1996.??.??"]
[Round "3"]
[White "Kupreichik, Viktor D"]
[Black "Wittmann, Walter"]
[Result "1/2-1/2"]
[WhiteElo "2510"]
[BlackElo "2370"]
[PlyCount "101"]
[EventDate "1996.07.??"]
[Source "www.chesslib.no"]
[SourceDate "2004.05.04"]

1. e4 c5 2. Nf3 d6 3. Nc3 Nc6 4. d4 cxd4 5. Nxd4 Nf6 6. f4 g6 7. Be2 Bg7 8. Nb3 Qb6 9. a4 a5 10. Nd5 Nxd5 11. exd5 Nd4 12. Nxd4 Qxd4 13. Bb5+ Kf8 14. Qf3 Bf5 15. c3 Qe4+ 16. Kf2 Qc2+ 17. Qe2 Qxe2+ 18. Bxe2 Be4 19. Rd1 f5 20. Be3 Kf7 21. Bf3 Bxf3 22. Kxf3 Rhb8 23. Ra3 b5 24. axb5 Rxb5 25. b4 Ke8 26. Ke2 Kd7 27. Rda1 Rc8 28. Rxa5 Bxc3 29. Rxb5 Bxa1 30. Rb7+ Rc7 31. Rxc7+ Kxc7 32. Kd3 Bb2 33. g3 Bg7 34. Bd4 Bf8 35. Ke3 h5 36. Kf3 Kd7 37. h3 Bh6 38. g4 fxg4+ 39. hxg4 hxg4+ 40. Kxg4 e6 41. dxe6+ Kxe6 42. b5 Kd7 43. Kf3 d5 44. Be5 Bf8 45. Ke3 Bc5+ 46. Bd4 Be7 47. Be5 Bc5+ 48. Kd3 Kc8 49. Bd4 Be7 50. Be3 Bf6 51. Bd4 1/2-1/2

[Event "Mitropa Cup"]
[Site "Buekfuerdo"]
[Date "1995.??.??"]
[Round "9"]
[White "Kuijf, Marinus"]
[Black "Banas, Jan"]
[Result "1/2-1/2"]
[WhiteElo "2465"]
[BlackElo "2410"]
[PlyCount "110"]
[EventDate "1995.02.??"]
[Source "ChessBase"]

1. e4 c5 2. Nf3 d6 3. d4 cxd4 4. Nxd4 Nf6 5. Nc3 Nc6 6. f4 g6 7. Nf3 Bg7 8. Bd3 O-O 9. O-O b5 10. Qe1 b4 11. Nd5 Rb8 12. Kh1 Bg4 13. Nxf6+ Bxf6 14. e5 Bg7 15. Ng5 h6 16. Qg3 hxg5 17. Qxg4 gxf4 18. exd6 e5 19. d7 Qe7 20. a3 Rfd8 21. axb4 Qxd7 22. Qxd7 Rxd7 23. b5 Nd4 24. Ra5 Rc8 25. g3 Nxc2 26. Bxc2 Rxc2 27. gxf4 Bh6 28. b6 axb6 29. Rxe5 Bg7 30. Re8+ Kh7 31. f5 Bh6 32. fxg6+ fxg6 33. Bxh6 Kxh6 34. b3 Rdd2 35. Rh8+ Kg7 36. Rh3 b5 37. Rh4 Rb2 38. Rh3 b4 39. Rc1 g5 40. Rg1 Kg6 41. Rh8 Rxb3 42. Rg8+ Kf7 43. R8xg5 Rbb2 44. Rg7+ Ke6 45. R7g6+ Kd5 46. R1g5+ Kc4 47. Rg4+ Kb3 48. h4 Rb1+ 49. Rg1 Rxg1+ 50. Kxg1 Kc2 51. Rc6+ Kb2 52. h5 Rd5 53. h6 Rh5 54. Kg2 b3 55. Kg3 Ka2 1/2-1/2

[Event "Kemerovo2"]
[Site "Kemerovo"]
[Date "1995.??.??"]
[Round "4"]
[White "Kupreichik, Viktor D"]
[Black "Zaitsev, Vadim"]
[Result "1-0"]
[WhiteElo "2525"]
[BlackElo "2350"]
[PlyCount "104"]
[EventDate "1995.08.??"]
[Source "ChessBase"]

1. e4 c5 2. Nf3 d6 3. Nc3 Nf6 4. d4 cxd4 5. Nxd4 Nc6 6. f4 g6 7. Be2 Bg7 8. Nb3 Qb6 9. a4 a5 10. Nd5 Nxd5 11. exd5 Nd4 12. Nxd4 Bxd4 13. Bb5+ Bd7 14. Bxd7+ Kxd7 15. Ra3 Rac8 16. Rb3 Qa7 17. Qd3 Rc7 18. Bd2 Rhc8 19. c3 Bg1 20. Kd1 Rc4 21. Qh3+ Kc7 22. Qxh7 Qf2 23. Qxf7 Re4 24. Qxg6 Re2 25. Qd3 Qf1+ 26. Kc2 Qxg2 27. Rxg1 Rxd2+ 28. Qxd2 Qxg1 29. Qe2 Kb8 30. Qxe7 Qxh2+ 31. Kb1 Qh1+ 32. Ka2 Qxd5 33. Qg5 Qe4 34. Ka3 Qb1 35. Qxa5 Qa1+ 36. Kb4 Rf8 37. f5 Qf1 38. Qd5 Rxf5 39. Qxd6+ Kc8 40. Qe6+ Kb8 41. c4 Rf6 42. Qe8+ Ka7 43. Qe3+ Ka6 44. a5 Rc6 45. Rd3 Qa1 46. Qe5 Qc1 47. b3 Qg1 48. Rd6 Qf2 49. Rd8 Ka7 50. Qb8+ Ka6 51. Qa8+ Qa7 52. Qxa7+ Kxa7 1-0

[Event "Memorial Archil Ebralidze (cat.7)"]
[Site "Tbilisi (Georgia)"]
[Date "2007.04.07"]
[Round "6"]
[White "Hayrapetian Arman (ARM)"]
[Black "Bagaturov Giorgi (GEO)"]
[Result "0-1"]
[WhiteElo "2396"]
[BlackElo "2478"]
[PlyCount "54"]
[EventDate "2007.??.??"]
[Source "www.chesslib.no"]
[SourceDate "2004.05.04"]

1. e4 c5 2. Nf3 Nc6 3. d4 cxd4 4. Nxd4 Nf6 5. Nc3 d6 6. f4 g6 7. Nxc6 bxc6 8. e5 Nd7 9. exd6 exd6 10. Be3 Be7 11. Qd2 O-O 12. O-O-O Nf6 13. h3 Be6 14. g4 Qa5 15. Kb1 Ne4 16. Qd4 Nxc3+ 17. Qxc3 Qxa2+ 18. Kc1 Rab8 19. f5 d5 20. Bh6 f6 21. Bxf8 Bxf8 22. Qxf6 Bxf5 23. Kd2 Qa5+ 24. Ke2 Re8+ 25. Kf2 Qc5+ 26. Qd4 Qxc2+ 27. Kg3 Bc5 0-1

[Event "Eksjo"]
[Site "Eksjo"]
[Date "1981.??.??"]
[Round "8"]
[White "Schneider, Lars Ake"]
[Black "Spassov, Liuben"]
[Result "1/2-1/2"]
[WhiteElo "2410"]
[BlackElo "2460"]
[PlyCount "41"]
[EventDate "1981.08.??"]
[Source "ChessBase"]

1. e4 c5 2. Nf3 d6 3. d4 cxd4 4. Nxd4 Nf6 5. Nc3 Nc6 6. f4 g6 7. Nf3 Bg7 8. Bd3 O-O 9. O-O e5 10. Qe1 exf4 11. Bxf4 d5 12. e5 Ng4 13. h3 Ngxe5 14. Nxe5 Bxe5 15. Bxe5 Re8 16. Bf6 Rxe1 17. Bxd8 Rxa1 18. Rxa1 Nxd8 19. Nxd5 Be6 20. Nc7 Rc8 21. Nxe6 1/2-1/2

[Event "Belgorod"]
[Site "Belgorod RUS"]
[Date "1990.??.??"]
[Round "?"]
[White "Howell, James C"]
[Black "Szekely, Peter"]
[Result "1/2-1/2"]
[WhiteElo "2450"]
[BlackElo "2420"]
[PlyCount "26"]
[EventDate "1990.??.??"]
[Source "www.chesslib.no"]
[SourceDate "2004.05.04"]

1. e4 c5 2. Nc3 d6 3. f4 g6 4. Nf3 Bg7 5. d4 cxd4 6. Nxd4 Nc6 7. Nb3 Nf6 8. Be2 O-O 9. O-O b5 10. a3 a6 11. Bf3 Bb7 12. Be3 Nd7 13. Qe1 Nb6 1/2-1/2

[Event "Cassovia op"]
[Site "Kosice"]
[Date "1997.??.??"]
[Round "?"]
[White "Mrva, Martin"]
[Black "Manik, Mikulas"]
[Result "1/2-1/2"]
[WhiteElo "2395"]
[BlackElo "2465"]
[PlyCount "72"]
[EventDate "1997.??.??"]
[Source "www.chesslib.no"]
[SourceDate "2004.05.04"]

1. e4 c5 2. Nf3 Nc6 3. d4 cxd4 4. Nxd4 Nf6 5. Nc3 d6 6. f4 g6 7. Nf3 Bg7 8. Bd3 O-O 9. O-O b5 10. Kh1 b4 11. Nd5 Nd7 12. Qe1 Qa5 13. a4 Re8 14. Bb5 Bb7 15. Bd2 Bxb2 16. Rb1 Bg7 17. f5 e6 18. fxe6 fxe6 19. Nxb4 Qc7 20. Ng5 Nde5 21. Qh4 h6 22. Nf3 g5 23. Qh5 Rf8 24. Nxc6 Bxc6 25. Bxc6 Qxc6 26. Nxe5 dxe5 27. Bb4 Rxf1+ 28. Rxf1 Qxe4 29. c3 a5 30. Be7 Qc4 31. Qf7+ Kh7 32. h3 Ra7 33. Rf6 Qxc3 34. Qg6+ Kh8 35. Qe8+ Kh7 36. Qg6+ Kh8 1/2-1/2

[Event "CRO-chT2"]
[Site "Tucepi"]
[Date "1996.??.??"]
[Round "?"]
[White "Mrva, Martin"]
[Black "Komljenovic, Davor"]
[Result "0-1"]
[WhiteElo "2385"]
[BlackElo "2475"]
[PlyCount "146"]
[EventDate "1996.??.??"]
[Source "www.chesslib.no"]
[SourceDate "2004.05.04"]

1. e4 c5 2. Nf3 d6 3. d4 cxd4 4. Nxd4 Nf6 5. Nc3 Nc6 6. f4 g6 7. Nf3 Bg4 8. Be3 Qa5 9. Qd2 Bxf3 10. gxf3 Bg7 11. O-O-O O-O 12. Kb1 Nh5 13. f5 Bxc3 14. Qxc3 Qxc3 15. bxc3 Ne5 16. Bh3 Kh8 17. Bh6 Rg8 18. f4 Nc6 19. Rhe1 f6 20. Bg4 Nd8 21. Rd5 Nf7 22. fxg6 hxg6 23. Bxh5 gxh5 24. Rxh5 Kh7 25. Re3 Nxh6 26. Reh3 Rg6 27. f5 Rg1+ 28. Kb2 Kg7 29. Rxh6 Rg8 30. Rh7+ Kf8 31. Kb3 Re1 32. R3h4 Re2 33. Kc4 Ke8 34. Kd3 Rgg2 35. Rh8+ Kd7 36. Rb8 Kc7 37. Re8 Kd7 38. Rb8 Kc7 39. Re8 Kd7 40. Rb8 Kc7 41. Rhh8 Rd2+ 42. Kc4 d5+ 43. exd5 Rg4+ 44. Kb3 Rxd5 45. Rhc8+ Kb6 46. a4 Rxf5 47. Rd8 Rc5 48. Rd4 Kc7 49. Rxb7+ Kxb7 50. Rxg4 Re5 51. h4 Kc6 52. Rg1 Rh5 53. Rh1 Kc5 54. c4 a5 55. Kc3 e5 56. Rf1 Rxh4 57. Rxf6 Rxc4+ 58. Kb3 Rb4+ 59. Ka3 Rb6 60. Rf8 e4 61. Rf5+ Kd4 62. c3+ Kxc3 63. Rxa5 Rb3+ 64. Ka2 Rb4 65. Ka3 Rd4 66. Re5 Kd2 67. a5 e3 68. a6 Rd6 69. a7 Ra6+ 70. Kb2 Rxa7 71. Rd5+ Ke2 72. Rc5 Rf7 73. Kc2 Kf2 0-1

[Event "Chess Summer GM"]
[Site "Aarhus"]
[Date "2003.10.03"]
[Round "8"]
[White "Petrov, Marijan"]
[Black "Dworakowska, Joanna"]
[Result "1-0"]
[WhiteElo "2475"]
[BlackElo "2382"]
[PlyCount "71"]
[EventDate "2003.07.27"]
[Source "Roberto Alvarez"]
[SourceDate "2003.08.04"]

1. e4 c5 2. Nc3 Nc6 3. Nge2 Nf6 4. d4 cxd4 5. Nxd4 d6 6. f4 g6 7. Nf3 Bg7 8. Bd3 Qb6 9. Qe2 O-O 10. Rb1 Bg4 11. Be3 Qa5 12. O-O Nd7 13. Qe1 Bxf3 14. Rxf3 Bd4 15. Kh1 Bxe3 16. Rxe3 Rfc8 17. Qh4 Nf6 18. Rh3 Qh5 19. Qg3 Qc5 20. Re1 h5 21. Qh4 Qd4 22. Rg3 Kg7 23. h3 Rh8 24. Nd1 Ng4 25. Qg5 a6 26. c3 Qb6 27. Rf1 Rac8 28. Be2 Nf6 29. Re3 Rcd8 30. Bd3 h4 31. e5 Nh5 32. e6 Qc5 33. f5 Ne5 34. exf7 Nxd3 35. f8=Q+ Rhxf8 36. Qxg6+ 1-0

[Event "Bundesliga 8788"]
[Site "Germany"]
[Date "1988.??.??"]
[Round "?"]
[White "Huebner, Robert"]
[Black "Sandkamp, Ralph"]
[Result "1-0"]
[WhiteElo "2595"]
[BlackElo "2255"]
[PlyCount "49"]
[EventDate "1987.10.??"]
[Source "ChessBase"]
[SourceDate "1999.07.01"]

1. e4 c5 2. Nf3 d6 3. d4 cxd4 4. Nxd4 Nf6 5. Nc3 g6 6. f4 Nc6 7. Be2 Nxd4 8. Qxd4 Bg7 9. O-O O-O 10. Qf2 b5 11. Bxb5 Qa5 12. Bd3 Ng4 13. Qf3 Qh5 14. h3 Bd4+ 15. Kh1 Qh4 16. Nd1 f5 17. exf5 gxf5 18. Ne3 Bxe3 19. Bxe3 Rb8 20. Bd4 Rb4 21. Bc4+ Rxc4 22. Qd5+ Rf7 23. Qxc4 Bb7 24. Qb3 e6 25. Kg1 1-0

[Event "JUG Team Ch"]
[Site "Nis YUG"]
[Date "1994.??.??"]
[Round "?"]
[White "Nikac, Predrag"]
[Black "Inkiov, Ventzislav V"]
[Result "0-1"]
[WhiteElo "2385"]
[BlackElo "2465"]
[PlyCount "74"]
[EventDate "1994.10.??"]
[Source "www.chesslib.no"]
[SourceDate "2004.05.04"]

1. e4 c5 2. Nf3 d6 3. d4 cxd4 4. Nxd4 Nf6 5. Nc3 Nc6 6. f4 g6 7. Bb5 Bd7 8. Bxc6 bxc6 9. e5 Nd5 10. Nxd5 cxd5 11. O-O e6 12. Qe2 Bg7 13. c3 O-O 14. exd6 Qb6 15. Be3 Qxd6 16. Nb3 Rfc8 17. Bd4 f6 18. Rae1 a5 19. Rf2 a4 20. Nd2 a3 21. b4 e5 22. Bc5 Rxc5 23. bxc5 Qxc5 24. c4 e4 25. cxd5 f5 26. Nb3 Qxd5 27. Rd1 Qb5 28. Qd2 Be8 29. Qd6 Bf7 30. Nd4 Qc4 31. Kh1 e3 32. Rc2 e2 33. Rxe2 Bxd4 34. Red2 Bb2 35. Qe7 Kg7 36. Rd7 Bf6 37. Qd6 Qxa2 0-1

[Event "BCF-ch"]
[Site "Chester"]
[Date "1979.??.??"]
[Round "8"]
[White "Littlewood, John Eric"]
[Black "Mestel, A Jonathan"]
[Result "1-0"]
[WhiteElo "2375"]
[BlackElo "2475"]
[PlyCount "33"]
[EventDate "1979.08.??"]
[Source "ChessBase"]

1. e4 c5 2. Nf3 d6 3. d4 Nf6 4. Nc3 cxd4 5. Nxd4 g6 6. f4 Bg7 7. e5 Nh5 8. Bb5+ Bd7 9. e6 fxe6 10. Nxe6 Bxc3+ 11. bxc3 Qc8 12. Bxd7+ Kxd7 13. Ng5 Qc4 14. Rb1 Kc7 15. Rb4 Qxa2 16. Qe2 Nc6 17. Ne6+ 1-0

[Event "Chigorin mem"]
[Site "St Petersburg"]
[Date "1998.11.04"]
[Round "5"]
[White "Salinnikov, Denis Y"]
[Black "Olenin, Nikolay"]
[Result "1/2-1/2"]
[WhiteElo "2485"]
[BlackElo "2365"]
[PlyCount "100"]
[EventDate "1998.10.31"]
[Source "ChessBase"]
[SourceDate "1999.01.01"]

1. e4 c5 2. Nf3 d6 3. d4 cxd4 4. Nxd4 Nf6 5. Nc3 g6 6. f4 Bg7 7. e5 dxe5 8. fxe5 Ng4 9. Bb5+ Nc6 10. Nxc6 Qxd1+ 11. Nxd1 a6 12. Ba4 Bd7 13. h3 Nh6 14. Nxe7 Bxa4 15. Nd5 Rd8 16. N1c3 Bc6 17. Bg5 Bxd5 18. Bxd8 Bxg2 19. Rh2 Bxe5 20. Rxg2 Bxc3+ 21. bxc3 Kxd8 22. Rd1+ Kc8 23. Rgd2 Re8+ 24. Kf2 Re7 25. Rd8+ Kc7 26. Rh8 f6 27. Re1 Rf7 28. Ree8 f5 29. Ref8 Rg7 30. Kf3 Nf7 31. Rc8+ Kd6 32. Rhf8 Ng5+ 33. Kg3 Ne6 34. Rg8 Rf7 35. h4 Ke5 36. Rge8 f4+ 37. Kf3 Kf5 38. Rc4 g5 39. hxg5 Nxg5+ 40. Kf2 Kg4 41. Rg8 h6 42. Rg6 Re7 43. Rb4 Re3 44. Rxb7 Rxc3 45. Rxa6 Rxc2+ 46. Ke1 f3 47. Rxh6 f2+ 48. Kf1 Ne4 49. Kg2 Rc1 50. Rg7+ Kf5 1/2-1/2

[Event "URS Army Team Ch"]
[Site "Leningrad RUS"]
[Date "1989.??.??"]
[Round "?"]
[White "Karasev, Vladimir I"]
[Black "Savchenko, Stanislav"]
[Result "1-0"]
[WhiteElo "2370"]
[BlackElo "2480"]
[PlyCount "73"]
[EventDate "1989.??.??"]
[Source "www.chesslib.no"]
[SourceDate "2004.05.04"]

1. e4 c5 2. Nf3 d6 3. d4 cxd4 4. Nxd4 Nf6 5. Nc3 g6 6. f4 Nc6 7. Nxc6 bxc6 8. Bd3 Qb6 9. b3 Bg7 10. Na4 Qa5+ 11. Bd2 Qh5 12. Qxh5 Nxh5 13. O-O-O Nf6 14. c4 Nd7 15. Be3 O-O 16. c5 Nf6 17. cxd6 exd6 18. Bc2 Rd8 19. h3 Bb7 20. Rhe1 c5 21. Bd2 Re8 22. Nc3 Bc6 23. g4 Nd7 24. Bd3 Rab8 25. g5 Nb6 26. Bb5 Rbc8 27. Bxc6 Rxc6 28. Kc2 a6 29. a4 c4 30. b4 Nd7 31. Nd5 c3 32. Bxc3 Nb6 33. e5 Nxa4 34. exd6 Rxe1 35. Rxe1 Bxc3 36. Ne7+ Kg7 37. Nxc6 1-0

[Event "Wichern op 5th"]
[Site "Hamburg"]
[Date "1999.10.19"]
[Round "6.21"]
[White "Lindinger, Markus"]
[Black "Golubev, Mihail"]
[Result "0-1"]
[WhiteElo "2317"]
[BlackElo "2532"]
[PlyCount "64"]
[EventDate "1999.10.15"]
[Source "www.chesslib.no"]
[SourceDate "2004.05.04"]

1. e4 c5 2. Nf3 d6 3. d4 Nf6 4. Nc3 cxd4 5. Nxd4 g6 6. f4 Nc6 7. Nxc6 bxc6 8. e5 Nd7 9. exd6 exd6 10. Be3 Be7 11. Qf3 d5 12. O-O-O O-O 13. h4 Nf6 14. Be2 h5 15. Qg3 Bf5 16. Bd3 Qd7 17. Bd4 Ng4 18. Na4 Bd6 19. Nc5 Qc7 20. Rhf1 Bxd3 21. Rxd3 Rfe8 22. Kb1 Nh6 23. Qf3 Qe7 24. Re3 Qxh4 25. Nd7 Ng4 26. Rxe8+ Rxe8 27. Qc3 Qe7 28. Nf6+ Nxf6 29. Bxf6 Qe2 30. Rc1 Bxf4 31. Bh8 Bh6 32. a3 Kh7 0-1

[Event "Tbilisi"]
[Site "Tbilisi GEO"]
[Date "1985.??.??"]
[Round "?"]
[White "Gedevanishvili, Dmitry"]
[Black "Gufeld, Eduard E"]
[Result "0-1"]
[WhiteElo "2375"]
[BlackElo "2470"]
[PlyCount "82"]
[EventDate "1985.??.??"]
[Source "www.chesslib.no"]
[SourceDate "2004.05.04"]

1. Nf3 g6 2. e4 c5 3. d4 cxd4 4. Nxd4 Nf6 5. Nc3 d6 6. f4 Nc6 7. Nf3 Bg7 8. Bd3 Qb6 9. Qe2 O-O 10. Rb1 Bg4 11. Be3 Qa5 12. h3 Bxf3 13. Qxf3 Nd7 14. Bd2 Nc5 15. O-O Nxd3 16. cxd3 Rac8 17. Kh1 e6 18. f5 exf5 19. b4 Qe5 20. exf5 Qxf5 21. Qxf5 gxf5 22. Nd5 Rfe8 23. Bg5 Re5 24. Nf6+ Kh8 25. Nh5 f4 26. h4 h6 27. Nxg7 hxg5 28. Nh5 Nd4 29. hxg5 f3 30. Rb2 Rxg5 31. Nf6 Kg7 32. Ne4 Rh8+ 33. Kg1 Rg6 34. Nc3 Ne2+ 35. Rxe2 fxe2 36. Nxe2 Rc8 37. Nd4 Rc3 38. Nf5+ Kf8 39. Rf3 Ra3 40. Rf2 Rxd3 41. Rc2 Ke8 0-1

[Event "Tatry op"]
[Site "Tatranska Lomnica"]
[Date "1997.??.??"]
[Round "7"]
[White "Mrva, Martin"]
[Black "Vesselovsky, Serguei"]
[Result "1/2-1/2"]
[WhiteElo "2395"]
[BlackElo "2445"]
[PlyCount "99"]
[EventDate "1997.10.18"]
[Source "www.chesslib.no"]
[SourceDate "2004.05.04"]

1. e4 c5 2. Nf3 d6 3. d4 cxd4 4. Nxd4 Nf6 5. Nc3 g6 6. f4 Nc6 7. Nf3 Bg7 8. Bd3 Qb6 9. Bd2 O-O 10. Na4 Qc7 11. c4 e5 12. O-O exf4 13. Bxf4 Ng4 14. Kh1 Be6 15. Rc1 Rad8 16. b3 Qa5 17. h3 Nge5 18. Bd2 Qc7 19. Bg5 Rc8 20. Bb1 Nxf3 21. Qxf3 Qa5 22. Qg3 Be5 23. Qf2 Bd4 24. Be3 Be5 25. Bd2 Qd8 26. Nc3 Bd4 27. Be3 Bxe3 28. Qxe3 a6 29. Rcd1 Qe7 30. Qh6 Ne5 31. Ne2 Rfd8 32. Nd4 Bd7 33. Rf2 f6 34. Rdf1 Rf8 35. a4 Rcd8 36. Qh4 Kg7 37. Rd2 Bc8 38. Rfd1 Qc7 39. Qg3 Kh8 40. Ne2 Be6 41. Nf4 Bf7 42. Qf2 Kg7 43. Qd4 Rd7 44. Qe3 Bg8 45. Qg3 Kh8 46. Rf1 Rdd8 47. Rdf2 Qe7 48. Qe3 Rc8 49. Qd4 Kg7 50. Qe3 1/2-1/2

[Event "Balatonbereny Open"]
[Site "Balatonbereny HUN"]
[Date "1992.??.??"]
[Round "2"]
[White "Kofidis, Andreas"]
[Black "Tolnai, Tibor"]
[Result "0-1"]
[WhiteElo "2350"]
[BlackElo "2490"]
[PlyCount "80"]
[EventDate "1992.09.??"]
[Source "www.chesslib.no"]
[SourceDate "2004.05.04"]

1. e4 c5 2. Nf3 d6 3. d4 cxd4 4. Nxd4 Nf6 5. Nc3 g6 6. f4 Nc6 7. Bc4 Bd7 8. Nf3 Bg7 9. Qe2 Bg4 10. Be3 O-O 11. h3 Bxf3 12. Qxf3 Nd7 13. O-O Rc8 14. Rad1 Bxc3 15. bxc3 Nce5 16. fxe5 Nxe5 17. Bxf7+ Rxf7 18. Qe2 Rxf1+ 19. Qxf1 Qa5 20. Bd4 b6 21. Qf4 Rf8 22. Qh4 Nc6 23. Qg4 Qxa2 24. Qd7 Nxd4 25. Rxd4 Qa1+ 26. Kh2 Qxc3 27. Qe6+ Rf7 28. Rd3 Qe5+ 29. Qxe5 dxe5 30. Rd5 Rf2 31. Rd7 a5 32. Rxe7 Rxc2 33. Rxe5 a4 34. Rb5 Rc6 35. Rb4 a3 36. Ra4 Rc3 37. Ra7 b5 38. e5 b4 39. e6 Re3 40. Ra6 Kg7 0-1

[Event "Rishon Le Ziyyon 9798"]
[Site "Rishon Le Ziyyon"]
[Date "1997.12.26"]
[Round "2"]
[White "Zalkind, Karmi"]
[Black "Soffer, Ram"]
[Result "1/2-1/2"]
[WhiteElo "2315"]
[BlackElo "2520"]
[PlyCount "27"]
[EventDate "1997.12.25"]
[Source "ChessBase"]
[SourceDate "1998.03.09"]

1. e4 c5 2. Nf3 Nc6 3. d4 cxd4 4. Nxd4 Nf6 5. Nc3 d6 6. f4 g6 7. Nf3 Bg7 8. Bd3 Qb6 9. Bd2 O-O 10. Na4 Qc7 11. Nc3 Qb6 12. Na4 Qc7 13. Nc3 Qb6 14. Na4 1/2-1/2

[Event "JUG-chT"]
[Site "Vrnjacka Banja"]
[Date "1999.??.??"]
[Round "1"]
[White "Markovic, Zoran S"]
[Black "Ivanisevic, Ivan"]
[Result "1/2-1/2"]
[WhiteElo "2384"]
[BlackElo "2447"]
[PlyCount "41"]
[EventDate "1999.08.??"]
[Source "www.chesslib.no"]
[SourceDate "2004.05.04"]

1. e4 c5 2. Nf3 d6 3. d4 cxd4 4. Nxd4 Nf6 5. Nc3 Nc6 6. f4 g6 7. Nxc6 bxc6 8. e5 Nd7 9. Qf3 Bg7 10. Bb5 dxe5 11. Bxc6 Rb8 12. Be3 Qa5 13. O-O-O e4 14. Qxe4 Bxc3 15. bxc3 Qa3+ 16. Kd2 O-O 17. Qa4 Qxa4 18. Bxa4 Nb6 19. Bb3 Bb7 20. Bxb6 axb6 21. Rhe1 1/2-1/2

[Event "XII Torneo magistrale"]
[Site "Zenica BOS"]
[Date "2008.11.30"]
[Round "3.5"]
[White "Tomic, Bosko"]
[Black "Rezan, Sasa"]
[Result "1/2-1/2"]
[WhiteElo "2405"]
[BlackElo "2423"]
[PlyCount "24"]
[EventDate "2008.11.29"]
[Source "www.chesslib.no"]
[SourceDate "2004.05.04"]

1. e4 c5 2. Nf3 d6 3. d4 cxd4 4. Nxd4 Nf6 5. Nc3 g6 6. f4 Nc6 7. Nb3 Bg7 8. Be2 Qb6 9. Bf3 O-O 10. Qe2 Be6 11. Be3 Qc7 12. O-O Rfc8 1/2-1/2

[Event "Gausdal Int"]
[Site "Gausdal NOR"]
[Date "1986.??.??"]
[Round "?"]
[White "Moen, Ole-Christian"]
[Black "Petursson, Margeir"]
[Result "0-1"]
[WhiteElo "2305"]
[BlackElo "2520"]
[PlyCount "48"]
[EventDate "1986.07.??"]
[Source "www.chesslib.no"]
[SourceDate "2004.05.04"]

1. e4 c5 2. Nf3 d6 3. d4 cxd4 4. Nxd4 Nf6 5. Nc3 g6 6. f4 Nc6 7. Nxc6 bxc6 8. e5 Ng8 9. exd6 exd6 10. Be3 Bg7 11. Ne4 d5 12. Bd4 Nf6 13. Nxf6+ Bxf6 14. Be2 O-O 15. O-O Bf5 16. Rc1 Re8 17. Bf3 Be4 18. c4 dxc4 19. Bxf6 Qxf6 20. Rxc4 Rad8 21. Qa4 Bd3 22. Rxc6 Qxb2 23. Rfc1 Bb5 24. R6c2 Qxc1+ 0-1

[Event "JUG-chT"]
[Site "Tivat"]
[Date "1995.??.??"]
[Round "4"]
[White "Markovic, Zoran S"]
[Black "Lekic, Dusan"]
[Result "1-0"]
[WhiteElo "2395"]
[BlackElo "2430"]
[PlyCount "57"]
[EventDate "1995.??.??"]
[Source "ChessBase"]

1. e4 c5 2. Nf3 Nc6 3. d4 cxd4 4. Nxd4 Nf6 5. Nc3 d6 6. f4 g6 7. Nxc6 bxc6 8. e5 Nd7 9. Qf3 d5 10. h4 e6 11. h5 Bb4 12. hxg6 fxg6 13. Bd3 Nf8 14. Bd2 Qe7 15. g4 Rb8 16. O-O-O Rg8 17. Kb1 Qc5 18. Ka1 Rg7 19. f5 Rf7 20. Qg3 exf5 21. e6 Rfb7 22. gxf5 Bxc3 23. Bxc3 d4 24. Qf2 Rxb2 25. Bxb2 Rxb2 26. Kxb2 Qb4+ 27. Kc1 c5 28. e7 Nd7 29. fxg6 1-0